000 01307nam0a22002651 4500
001 rc\967097
005 20260406185815.0
035 _a(NLR Aleph) 006136290
090 _a5614345
_c5614345
100 _a20041129d1982 |||y0rusy50 ca
101 0 _arus
102 _aRU
105 _aa |||||||||
200 1 _aВОЕННАЯ ордена Ленина академия тыла и транспорта
_e(Ист. очерк)
_f[Ген.-полк. К.Н. Абрамов, ген.-лейт. Г.С. Челматкин, полк. В.Г. Алябьев и др.
_gРедкомис.: ген.-полк. К.Н. Абрамов и др.]
210 _aЛ.
_cБ. и.
_d1982
215 _a168 с., [37] л. ил., портр., факс.
_d22
701 1 _7ca
_8rus
_aАбрамов
_bК. Н.
_cгенерал-полковник
_f1912-1998
_gКонстантин Николаевич
_9232647
_3RU\NLR\AUTH\770232703
712 0 1 _7ba
_8eng
_aRepublic of Poland
_bMinistry of agricultur and rural development
_bGeographical indications division
_9399008
_3RU\NLR\AUTH\889951528
801 0 _aRU
_bNLR
_gpsbo
801 1 _aRU
_bELAR
_2rusmarc
852 _aNLR
_j96-5/3783
942 _cBOOK
980 _aNB
981 4 3 _a(43) Тематическая подборка Санкт-Петербург
_b(43) Армия. Флот